Geographie nach Breitengrad - 10°S - Statistiken

Allgemein
  • Dieses Quiz wurde 26 mal gespielt
  • Das Durchschnittsergebnis liegt bei 10 aus 13
Antwortstatistiken
Antwort % Korrekt
2 Brasilien
96%
6 Demokratische Republik Kongo
96%
4 Angola
87%
1 Peru
87%
3 Bolivien
83%
9 Indonesien
83%
10 Papua-Neuguinea
78%
8 Sambia
70%
7 Tansania
70%
11 (Inselgruppe) Salomonen
65%
12 (Inselgruppe) Kiribati
61%
5 Malawi
57%
13 (Überseegebiet) Frankreich
30%
Keine übereinstimmenden Quizze gefunden
Verteilung der Resultate
Anzahl Personen mit jedem Resultat
Perzentil nach korrekt beantworteten Fragen
Ihre Resultats-Entwicklung
Sie haben dieses Quiz noch nicht gespielt